Zákon o podnikání v cestovním ruchu
Krachy niektorých českých cestovných kancelárií na konci deväťdesiatych rokoch urýchlili prijatie zákonných opatrení na ochranu spotrebiteľa. Začal platiť zákon č. 159/1999 Zb., ktorý stanovil niektoré zásadné podmienky pre činnosť a služby cestovných kancelárií. Výber najdôležitejších povinností ce...
Salvato in:
| Natura: | Capitolo di libro |
|---|---|
| Lingua: | ceco |
| Soggetti: | |
| Tags: |
Nessun Tag, puoi essere il primo ad aggiungerne!!
|
MARC
| LEADER | 00000naa a2200000 4500 | ||
|---|---|---|---|
| 001 | r044099 | ||
| 005 | 20231004070321.0 | ||
| 041 | 0 | |a cze | |
| 044 | |a CZ | ||
| 245 | 1 | 0 | |a Zákon o podnikání v cestovním ruchu |
| 520 | |a Krachy niektorých českých cestovných kancelárií na konci deväťdesiatych rokoch urýchlili prijatie zákonných opatrení na ochranu spotrebiteľa. Začal platiť zákon č. 159/1999 Zb., ktorý stanovil niektoré zásadné podmienky pre činnosť a služby cestovných kancelárií. Výber najdôležitejších povinností cestovných kancelárií podľa uvedeného zákona. | ||
| 610 | 2 | 0 | |a ruch cestovný |
| 610 | 2 | 0 | |a kancelárie cestovné |
| 610 | 2 | 0 | |a úpravy právne |
| 610 | 2 | 0 | |a podnikanie |
| 610 | 2 | 0 | |a podnikatelia |
| 610 | 2 | 0 | |a turistika |
| 610 | 2 | 0 | |a zákony |
| 610 | 2 | 0 | |a Česko |